| 000 | 01697nam a22004217a 4500 | ||
|---|---|---|---|
| 003 | CHAP | ||
| 005 | 20220329143359.0 | ||
| 008 | 090203s2008 mx r 00010 spa d | ||
| 010 | _a95752 | ||
| 011 | _a96724 | ||
| 035 | _a107380 | ||
| 040 | _cCHAP | ||
| 090 | _aTesis | ||
| 100 | 1 |
_aLópez Paniagua, Javier Armando. _968208 |
|
| 245 | 1 | 0 |
_aPropuesta de exportación de vainilla (Vanilla planifolia andrews) a la Unión Europea _c/por Javier Armando López Paniagua |
| 260 |
_aChapingo, Méx. : _bEl autor, _c2008 |
||
| 300 |
_ax, 86 h. : _bcuadros, diagramas, gráfs. |
||
| 502 | _aTesis (Lic. en Comercio Internacional de Productos Agropecuarios) -- UACH. División de Ciencias Económico Administrativas | ||
| 530 | _aTambién disponible en línea | ||
| 590 |
_aALEPH _b10 _c20130110 _lUCH01 _h1526 |
||
| 590 |
_aBATCH-UPD _b10 _c20130110 _lUCH01 _h0332 |
||
| 590 |
_aBATCH-UPD _b10 _c20130110 _lUCH01 _h2202 |
||
| 590 |
_aBATCH-UPD _b10 _c20130410 _lUCH01 _h0005 |
||
| 590 |
_aBATCH-UPD _b10 _c20130914 _lUCH01 _h1017 |
||
| 590 |
_aBATCH-UPD _b10 _c20140324 _lUCH01 _h1509 |
||
| 590 |
_aBATCH-UPD _b10 _c20141002 _lUCH01 _h0838 |
||
| 590 |
_aCONVERSION _b10 _c20130109 _lUCH01 _h1353 |
||
| 650 | 1 | 4 |
_aComercio internacional. _925641 |
| 650 | 1 | 4 |
_aVainilla planifolia. _9117215 |
| 650 | 1 | 4 |
_aVainilla _xAspectos económicos. _9117193 |
| 650 | 1 | 4 |
_aVainilla _xExportación. _9117200 |
| 650 | 1 | 4 |
_aVainilla _xMercadeo. _9117205 |
| 856 |
_3Finding aid _uhttp://10.13.5.2/tesis/107380.pdf _zTeclea aqui |
||
| 901 | _aBK | ||
| 942 | _cFOLL | ||
| 949 |
_aTesis _bBC _cTES _d33724002083637 _eTS2 _fc.2 _gDonaciØn _h48713 _i107380 _sb |
||
| 949 |
_aTesis _bBC _cTES _d33724002083678 _eTS1 _gDonaciØn _h48712 _i107380 _sb |
||
| 999 |
_c95752 _d95752 |
||